Văn hóa, tín ngưỡng, gia đình Việt Nam qua nhãn quan học giả L. Cadiere 1914 -1944

Shranjeno v:
Bibliografske podrobnosti
Glavni avtor: Đỗ Trinh Huệ
Format: Knjiga
Jezik:Vietnamese
Izdano: Huế Thuận Hóa 2000
Teme:
Oznake: Označite
Brez oznak, prvi označite!
Thư viện lưu trữ: Mạng thư viện Đại học Đà Nẵng
LEADER 01062nam a2200325 4500
001 000014996
003 11367
005 20120517160517.0
008 120517s2000 viesd
020 |c 44000đ 
041 0 |a vie 
082 |a 306.597  |b ĐÔ-H 
100 0 |a Đỗ Trinh Huệ 
245 0 |a Văn hóa, tín ngưỡng, gia đình Việt Nam qua nhãn quan học giả L. Cadiere  |b 1914 -1944  |c Đỗ Trinh Huệ 
260 |a Huế  |b Thuận Hóa  |c 2000 
300 |a 447 tr.  |c 19 cm 
653 |a Văn hóa 
653 |a Tín ngưỡng 
653 |a Gia đình 
653 |a Việt Nam 
OWN |a LSP 
AVA |a UDN50  |b LSP  |d 306.597 ĐÔ-H  |e available  |t Error 5001 Not defined in file expand_doc_bib_avail.  |f 1  |g 0  |h N  |i 0  |k 1 
999 |a From the UDN01 
AVA |a UDN50  |b LSP  |d 306.597 ĐÔ-H  |e available  |t Error 5001 Not defined in file expand_doc_bib_avail.  |f 1  |g 0  |h N  |i 0  |k 1 
TYP |a Monograph 
TYP |a Printed language 
980 |a Mạng thư viện Đại học Đà Nẵng